| 000 | 00449nam a22001697a 4500 | ||
|---|---|---|---|
| 003 | OSt | ||
| 008 | 260511b |||||||| |||| 00| 0 eng d | ||
| 082 |
_a633.11 _bS48N |
||
| 100 | _aSingh, Vinod Kumar | ||
| 245 | _aNitrogen Management in Irrigated Wheat (Triticum aestivum L. emend, Fiori & Paol) | ||
| 260 |
_aPusa, Samastipur _bRAU _c1999 |
||
| 300 | _a108P. | ||
| 502 |
_bMsc. _d1999 |
||
| 650 | _aAgronomy | ||
| 650 | _aMsc. | ||
| 942 |
_2ddc _cT |
||
| 999 |
_c50536 _d50536 |
||